| 000 | 01127 a2200229 4500 | ||
|---|---|---|---|
| 003 | Nust | ||
| 005 | 20220817093632.0 | ||
| 010 | _a 2003052297 | ||
| 020 | _a1580533574 (alk. paper) | ||
| 040 | _cNust | ||
| 082 | 0 | 0 | _a621.382,MIC |
| 100 | 1 |
_aMiceli, Andrew. _997534 |
|
| 245 | 1 | 0 |
_aWireless technician's handbook / _cAndrew Miceli. |
| 250 | _a2nd ed. | ||
| 260 |
_aBoston, MA : _bArtech House, _c2003. |
||
| 300 |
_axiii, 292 p. : _bill. ; _c24 cm. |
||
| 440 | 0 |
_aArtech House mobile communications series _9398 |
|
| 505 | _aReviewing The Basics (Page-1), Cellular Radio Concepts (Page-23), Advanced Mobile Phone Service (Page-47), NA-TDMA (Page-71), GSM (Page-93), , GRPS and EDGE (Page-109), CDMA IS -95 and J-Std-008 (Page-129), CDMA 2000 (Page-151), WCDMA (Page-173), The Basics of Field Test (Page-195), Testing AMPS (Page-215), Testing TDMA Systems-GSM,NA-TDMA,GPRS and EDGE (Page-225), Testing CDMA (Page-241), WCDMA and Beyond Testing Overview (Page-259), | ||
| 650 | 0 | _aTelecommunication Engineering. | |
| 856 | 4 | 2 |
_3Book review (E-STREAMS) _uhttp://www.e-streams.com/es0703/es0703_3087.html |
| 942 |
_cREF _2ddc |
||
| 999 |
_c175786 _d175786 |
||